| 000 | 01229nam a22002177a 4500 | ||
|---|---|---|---|
| 005 | 20220427082646.0 | ||
| 008 | 220314b ||||| |||| 00| 0 eng d | ||
| 020 | _a9789389520453 | ||
| 040 | _cAL | ||
| 041 | _aeng | ||
| 082 |
_223 _a621 _bJHAT |
||
| 100 |
_aA K Jha _923569 |
||
| 245 | _aTextbook of applied physics Vol.2 | ||
| 250 | _a2nd ed. | ||
| 260 |
_aNew Delhi _bInternational Pvt Ltd. _c2019 |
||
| 300 |
_ax,400p. _bPB _c24x17cm. |
||
| 365 |
_2General _a6286 _b₹364.00 _c₹ _d₹455.00 _e20% _f07-02-2022 |
||
| 520 | _aThis book is meant to serve as a textbook of Physics for the undergraduate students of science and engineering. Exhausted treatment of topics in quantum mechanics, statistical mechanics, nuclear physics, electromagnetic theory, X-rays production, properties and applications and ultrasonic and acoustics of buildings have been presented. These topics have been presented in easy to understand and simple language. Large number of solved numerical have been included to give a quantitative idea of the subject. Short and long answer type questions and unsolved numericals have been given at the end of each chapter for practice. | ||
| 650 |
_2Physics _aApplied Physics _923570 |
||
| 942 |
_2ddc _cBK |
||
| 999 |
_c221858 _d221858 |
||